| 000 | 00511cam a2200181ua 4500 | ||
|---|---|---|---|
| 003 | OSt | ||
| 005 | 20260213113143.0 | ||
| 008 | 260213b |||||||| |||| 00| 0 eng d | ||
| 020 | _a81-85419-91-4 | ||
| 041 | _aeng | ||
| 082 |
_a028.74 333 _bTER/PO |
||
| 100 |
_a, . _97862 |
||
| 245 | 0 | 0 | _aPoverty : The global challenge for governments, industry, scientist and civil society / |
| 260 |
_aNew Delhi : _bTata Energy Research Institute , _c2001. |
||
| 300 | _a ; . | ||
| 650 |
_aProceedings _95834 |
||
| 942 | _cBK | ||
| 999 |
_c383 _d383 |
||